Przyporządkuj powiat województwa kujawsko-pomorskiego do rejestracji - Statystyki

Ogólne statystyki
  • Ten quiz został rozwiązany 15 razy
  • Średni wynik to 17 z 23
Odpowiedzi na mapie
Odpowiedzi zakodowano w zielono-czerwonej skali na mapie do tego quizu, zgodnie z poniższymi procentami.
 
Statystyki odpowiedzi
Odpowiedź % Poprawnych
CTR
93%
CWL
93%
CB
87%
CBY
87%
CG
87%
CT
87%
CW
87%
CGR
80%
CLI
80%
CNA
80%
CCH
73%
CSE
73%
CTU
73%
CZN
73%
CAL
67%
CIN
67%
CMG
67%
CRA
67%
CRY
67%
CSW
67%
CBR
60%
CGD
60%
CWA
60%
Nie znaleziono quizów pasujących do podanych kryteriów
Rozkład punktacji
Procent ludzi z każdym wynikiem
Percentyl według liczby udzielonych odpowiedzi
Twoja historia wyników
Nie rozwiązałeś tego quizu